000
002740000a22001090004500
090
_a
AS
_b
Seriadas
245
1
0
_a
Sertula florae Colombiae, IX
041
0
_a
EspaƱol
100
1
_a
Uribe Uribe, Lorenzo
_9
96776
942
_c
ARTICULO
773
1
_t
Caldasia
_3
45
_h
44
_q
295-301
_d
1966
_g
9
999
_c
14964
_d
14964